มุมมองปกติ
มุมมองแบบ MARC
- สำนักงานเลขาธิการสภาผู้แทนราษฎร.
รายการ Corporate Name
001 - CONTROL NUMBER
- control field: 10272
003 - CONTROL NUMBER IDENTIFIER
- control field: NALT
005 - DATE AND TIME OF LATEST TRANSACTION
- control field: 20230503084448.0
008 - FIXED-LENGTH DATA ELEMENTS
- fixed length control field: 170718|| aca||aabn | a|a d
040 ## - CATALOGING SOURCE
- Original cataloging agency: NALT
- Transcribing agency: NALT
110 2# - HEADING--CORPORATE NAME
- Corporate name or jurisdiction name as entry element: สำนักงานเลขาธิการสภาผู้แทนราษฎร.
- Subordinate unit: สำนักบริหารงานกลาง.
- Subordinate unit: กลุ่มงานข้อมูลข่าวสารของราชการ
670 ## - SOURCE DATA FOUND
- Source citation: Work cat.: (NALT)77421: คู่มือการใช้สิทธิตามกฎหมายข้อมูลข่าวสารของราชการ, ม.ป.ป.
